Loading...

Biodiversity and irrigation

Bibliographic Details
Main Author: Cooke, Millea
Format: Printed Book
Language:English
Published: New Delhi: Random Exports, 2013.
Subjects:
LEADER 00582 a2200169 4500
008 150223b xxu||||| |||| 00| 0 eng d
020 |a 9789382226796 
082 |a 627.52 
100 |a Cooke, Millea. 
245 |a Biodiversity and irrigation 
260 |c 2013.  |b Random Exports,  |a New Delhi: 
300 |a xi, 320p. ;  |c 24 cm. 
650 |a Water resources development. 
650 |a Irrigation  |x Management 
942 |2 ddc  |c BK 
999 |c 104528  |d 104528 
952 |0 0  |1 0  |4 0  |6 627_520000000000000_COO_B  |7 0  |9 106442  |a UL  |b UL  |c REF  |d 2014-02-18  |e 2  |g 1061.45  |l 0  |o 627.52 COO/B  |p 91817  |r 2014-08-28  |v 1495.00  |y REF